La empresa familiar /
Guardado en:
| Autor Principal: | |
|---|---|
| Otros Autores: | |
| Formato: | Libro |
| Idioma: | Spanish |
| Publicado: |
Valencia :
Tirant lo blanch,
2000
|
| Edición: | 1a. ed. |
| Materias: | |
| Etiquetas: |
Agregar Etiqueta
Sin Etiquetas, Sea el primero en etiquetar este registro!
|
| LEADER | 00545nam a22001695a 4500 | ||
|---|---|---|---|
| 001 | DER.der001366 | ||
| 008 | 180615s2000####ag#||||||||||||||#||spa|| | ||
| 005 | 20251009092836.0 | ||
| 245 | 1 | 0 | |a La empresa familiar / |c José Pascual Fernández Gimeno, María José Reyes López. |
| 250 | |a 1a. ed. | ||
| 260 | |a Valencia : |b Tirant lo blanch, |c 2000 | ||
| 300 | |a 255 p. | ||
| 020 | |a 848442104X | ||
| 100 | 1 | |a Fernández Gimeno, José Pascual | |
| 700 | 1 | |a Reyes López, María José | |
| 650 | 7 | |a DERECHO SOCIETARIO | |
| 859 | |a DERECHO |b BIB. DERECHO |h 346.06 |i FER |p 003071 | ||
